Quiz da Irlanda - Statistics

Estatísticas Gerais
  • Esse quiz foi jogado 1 903 vezes
  • A pontuação média é 6 de 20
Estatísticas das Respostas
Pergunta Resposta % Correto
Capital Dublin
98%
Planta que simboliza a Irlanda Shamrock (Trevo)
70%
Santo que supostamente converteu os irlandeses ao cristianismo São Patrício
62%
Banda de rock irlandesa mais famosa U2
54%
Cerveja irlandesa mais vendida Guinness
33%
Colheita que deu na grande fome de 1845–1852 Batatas
32%
Segunda maior cidade Cork
30%
Instrumento musical no brasão de armas Harpa
29%
"Irlanda" em irlandês Éire
27%
Maior companhia aérea, famosa por preços baixos e péssimo serviço Ryanair
27%
... e também livrar a ilha desses animais Serpentes
26%
Apelido da Irlanda Ilha {Esmeralda}
21%
Sacerdote na antiga religião celta Druida
18%
Escritor de "Ulisses" James Joyce
17%
Whisky irlandês mais vendido Jameson
15%
Cidade irlandesa / tipo de poema Limerick
14%
Colégio mais velho, fundado em 1592 {Trinity} College
12%
Ser da mitologia irlandesa também conhecida como Bean Nighe Banshee
9%
Rio mais longo Shannon
9%
Cidade onde o famoso cristal foi feito Waterford
6%
Nenhum quiz correspondente encontrado
Distribuição das Pontuações
Porcentagem de Pessoas com Cada Pontuação
Percentil de Números Respondidos
Sua Pontuação Histórica
Você não jogou esse quiz